Normal view
MARC view
- Prime ministers
Entry Topical Term
001 - CONTROL NUMBER
- control field: 6628
003 - CONTROL NUMBER IDENTIFIER
- control field: NUST
005 - DATE AND TIME OF LATEST TRANSACTION
- control field: 20171122101339.0
008 - FIXED-LENGTH DATA ELEMENTS
- fixed length control field: 171122|| aca||aabn | a|a d
040 ## - CATALOGING SOURCE
- Original cataloging agency: NUST
- Transcribing agency: NUST
150 ## - HEADING--TOPICAL TERM
- Topical term or geographic name entry element: Prime ministers
- Geographic subdivision: Pakistan
- Form subdivision: Biography.
670 ## - SOURCE DATA FOUND
- Source citation: Work cat.: (NUST)0: Bhutto, Benazir, 1953-2007. 6627, Daughter of the East :, 2007.
